Tendencias educativas y pedagógicas / (Registro nro. 38400)
[ vista simple ]
| 000 -CABECERA | |
|---|---|
| Longitud fija campo de control | 00903cam a2200301 a 4500 |
| 003 - IDENTIFICADOR DEL NUMERO DE CONTROL | |
| Identificador del número de control | CO-BoRNBP |
| 005 - FECHA Y HORA DE LA ULTIMA TRANSACCION | |
| Fecha y hora de la última transacción | 20241003112052.0 |
| 007 - CAMPO FIJO DE DESCRIPCION FISICA | |
| Campo fijo de descripción física | ta |
| 008 - CODIGOS DE INFORMACION DE LONGITUD FIJA | |
| Códigos de información de longitud fija | 000726s2000 ck a r 00010 spa d |
| 040 ## - FUENTE DE LA CATALOGACION | |
| Centro catalogador de origen | la |
| Centro transcriptor | la |
| Lengua de catalogación | spa |
| Normas de descripción | rda |
| 041 0# - CODIGO DE LENGUA | |
| Código de lengua del texto/banda sonora o título independiente | spa |
| 043 ## - CODIGO DE AREA GEOGRAFICA | |
| Código de área geográfica | s-ck--- |
| 082 04 - NUMERO DE LA CLASIFICACION DECIMAL DEWEY | |
| Número de clasificación (R) | 370 |
| Número del ítem | M67t |
| Número de edición | 19 ed. |
| 100 1# - PUNTO DE ACCESO PRINCIPAL-NOMBRE DE PERSONA | |
| Nombre de persona | Moreno M., Heladio, |
| Fechas asociadas al nombre | 1950- |
| 240 #0 - TITULO UNIFORME | |
| Título uniforme | <a href="Boyacá-Bibliografía regional">Boyacá-Bibliografía regional</a> |
| 245 10 - TITULO PROPIAMENTE DICHO | |
| Título | Tendencias educativas y pedagógicas / |
| Mención de responsabilidad, etc. | Heladio Moreno M. |
| 250 ## - MENCION DE EDICION | |
| Mención de edición | Primera edición |
| 300 ## - DESCRIPCION FISICA | |
| Extensión | 81 p. : |
| Otras características físicas | il. ; |
| Dimensiones | 21 cm. |
| 336 ## - TIPO DE CONTENIDO | |
| Fuente | rdacontenido |
| Término de tipo de contenido | texto |
| Código de tipo de contenido | txt |
| 337 ## - TIPO DE MEDIO | |
| Fuente | rdamedio |
| Nombre del tipo de medio | sin mediación |
| Código del tipo de medio | n |
| 338 ## - TIPO DE SOPORTE | |
| Fuente | rdasoporte |
| Nombre del tipo de soporte | volumen |
| Código del tipo de soporte | nc |
| 650 #7 - PUNTO DE ACCESO ADICIONAL DE MATERIA - TERMINO DE MATERIA | |
| Término de materia o nombre geográfico como elemento inicial | Pedagogía. |
| Fuente del encabezamiento | BLAAUTO |
| 650 #7 - PUNTO DE ACCESO ADICIONAL DE MATERIA - TERMINO DE MATERIA | |
| Término de materia o nombre geográfico como elemento inicial | Métodos de enseñanza. |
| Fuente del encabezamiento | BLAAUTO |
| 650 #7 - PUNTO DE ACCESO ADICIONAL DE MATERIA - TERMINO DE MATERIA | |
| Término de materia o nombre geográfico como elemento inicial | Pedagogía |
| Subdivisión geográfica | Colombia. |
| Fuente del encabezamiento | BLAAUTO |
| 650 #7 - PUNTO DE ACCESO ADICIONAL DE MATERIA - TERMINO DE MATERIA | |
| Término de materia o nombre geográfico como elemento inicial | Psicopedagogía. |
| Fuente del encabezamiento | BLAAUTO |
| 942 ## - ENTRADA DE ELEMENTOS AGREGADOS (KOHA) | |
| Fuente de clasificaión o esquema | Dewey Decimal Classification |
| Koha [por defecto] tipo de item | LIbro |
| 949 ## - TRATAMIENTO DE LA INFORMACION LOCAL (OCLC) | |
| a | c |
| b | n |
| Perdido | Fuente de clasificación o esquema | Estado Físico | No para préstamo | Forma de adquisición | Localización permanente | Localización actual | Localización en estanterías | Fecha adquisición | Préstamos totales | Signatura completa | Código de barras | Fecha última consulta | Número de copia | Fecha del precio de reemplazo | Tipo de item de Koha |
|---|---|---|---|---|---|---|---|---|---|---|---|---|---|---|---|
| Dewey Decimal Classification | Colección General | Biblioteca Pública Guamal | Biblioteca Pública Guamal | General | 10/03/2024 | 370 M67t | GUA004178 | 10/03/2024 | Ej.1 | 10/03/2024 | LIbro |